LEADER 01425nas a2200349 4500
001 c000155286
003 CARM
005 20020205155345.0
008 011128d19591964dcufx p b f0 a0eng d
019 1 |a 20899257  |5 LACONCORD2021 
035 |a (OCoLC)10572689  |5 LACONCORD2021 
040 |a OCLC  |c OCLC  |d SUA 
130 0 |a East Asia (Washington, D.C.) 
245 0 0 |a East Asia /  |c External Research Division, [Dept. of State]. 
246 1 6 |a Research on East Asia 
260 |a [Washington, D.C.] :  |b External Research Division, Bureau of Intelligence and Research,  |c 1959-1964. 
300 |a 9 v. ;  |c 27 cm. 
310 |a Semiannual 
362 0 |a Oct. 1959-fall 1963/winter 1964. 
490 1 |a External research. ER list ;  |v 2.13-2.21 
651 0 |a East Asia  |x Bibliography  |x Periodicals. 
710 1 0 |a United States.  |b Dept. of State.  |b External Research Staff. 
710 1 0 |a United States.  |b Dept. of State.  |b External Research Division. 
760 0 |t External research : ER list 
780 0 0 |t Far East (Washington, D.C.) 
785 0 0 |t Asia (Washington, D.C.) 
830 0 |a External research. ER list. 
852 8 |b CARM  |h A2:AN05E0  |i D05534  |p 0205956  |f SE 
866 0 |a 13(1959)-21(1964) 
866 0 |a 13(1959)-21(1964) 
999 f f |i d11e5b81-ed33-59c4-a4bb-6d8744add32f  |s 16b2632d-7b73-5894-a132-e86207e27548 
952 f f |p Can circulate  |a CAVAL  |b CAVAL  |c CAVAL  |d CARM 1 Store  |e D05534  |f A2:AN05E0  |h Other scheme  |i book  |k  13(1959)-21(1964)  |m 0205956